000
00322nam a22001457a 4500
008
230515b ||||| |||| 00| 0 eng d
020
_a
9780465090440
041
_a
eng
080
_a
521
082
_a
521DUV
100
_a
19
101
_a
ASTRO
245
_a
LIFE AS A COSMIC IMPERATIVE
_c
DUVE DE.CH
942
_2
udc
_c
BK
999
_c
59703
_d
59703